[Event "Graz op-B"]
[Site "Graz"]
[Date "2004.09.07"]
[Round "4"]
[White "Oreschnik, Bernhard"]
[Black "Kravanja, Georg"]
[Result "1/2-1/2"]
[WhiteElo "1739"]
[BlackElo "1914"]
[PlyCount "84"]
[EventDate "2004.09.04"]
[EventType "swiss"]
[EventRounds "9"]
[EventCountry "AUT"]
[SourceTitle "EXT 2006"]
[Source "ChessBase"]
[SourceDate "2005.11.24"]
[SourceVersion "1"]
[SourceVersionDate "2005.11.24"]
[SourceQuality "1"]

1. e4 c5 2. Nc3 g6 3. g3 Bg7 4. Bg2 Nc6 5. d3 Nf6 6. f4 d6 7. Nge2 Rb8 8. 0-0 0-0 9. h3 Qc7 10. Be3 b5 11. a3 a5 12. Qd2 b4 13. axb4 axb4 14. Na4 Nd7 15. f5 Nb6 16. Nxb6 Qxb6 17. Bh6 Ba6 18. Bxg7 Kxg7 19. Nf4 Nd4 20. Nd5 Qa7 21. Nxe7 f6 22. fxg6 hxg6 23. g4 b3 24. c3 Nc2 25. Nc6 Qb6 26. Rxa6 Qxa6 27. Nxb8 Rxb8 28. Qf4 Rf8 29. g5 f5 30. e5 Qxd3 31. exd6 Qe3+ 32. Qxe3 Nxe3 33. Re1 Nxg2 34. Kxg2 Rd8 35. Re7+ Kf8 36. Re6 Kf7 37. Rf6+ Kg7 38. c4 Rf8 39. d7 Rd8 40. Rd6 Kf7 41. Kf3 Ke7 42. Rxg6 Rh8 1/2-1/2